| Поле | Инд. | ПП | Название | Значение |
|---|---|---|---|---|
| Тип записи | a | |||
| Библиографический уровень | m | |||
| 001 | Контрольный номер | RU/IS/BASE/514910999 | ||
| 005 | Дата корректировки | 20231011123008.7 | ||
| 020 | a | ISBN | 978-5-7995-0826-5 | |
| 080 | a | Индекс УДК | 658.562.018(075.8) | |
| a | Индекс УДК | 005.6(075.8) | ||
| 090 | a | Полочн. индекс | 658 | |
| x | Авторский знак | К 32 | ||
| 097 | b | Оператор | *Фа* | |
| 245 | 00 | a | Заглавие | Квалиметрия и управление качеством в схемах и таблицах |
| b | Продолж. заглавия | учеб. пособие | ||
| b | Продолж. заглавия | в составе учебно-методического комплекса | ||
| c | Ответственность | Тверской гос. техн. ун-т | ||
| c | Ответственность | сост.: А.В. Гавриленко, Ю.Ю. Косивцов, В.П. Молчанов, М.Г. Сульман | ||
| 260 | 00 | a | Место издания | Тверь |
| b | Издательство | ТвГТУ | ||
| c | Дата издания | 2016 | ||
| 300 | a | Объем | 127 с. | |
| b | Иллюстрации/ тип воспроизводства | ил. | ||
| 440 | _0 | a | Серия | УМК-У |
| 515 | a | Прим. об особенностях нумерации | № 4530 | |
| 516 | 8_ | a | Прим. о типе комп. файла/ данных | Текст : электронный |
| 520 | 0_ | a | Аннотация | Раскрываются основные вопросы теории и практики квалиметрии и управления качеством. Предложена характеристика основных понятий, системы показателей качества продукции, а также этапов эволюции методов управления качеством, представленных в виде удобных функциональных схем, таблиц и кратких определений, способствующих эффективному усвоению материала. Особое внимание уделено рассмотрению таких важных вопросов, как модель всеобщего управления качеством TQM, механизм управления качеством на предприятии, а также систематизация практических методов и инструментов управления качеством. Предназначено для бакалавров очной и заочной форм обучения по направлению 27.03.01 Стандартизация и метрология (дисциплины "Квалиметрия", "Управление качеством", "Технология разработки стандартов и нормативных документов"), а также при подготовке к государственной итоговой аттестации. |
| 535 | 1_ | a | Хранилище | Сервер |
| 583 | a | Действие | Приписка : УМК | |
| 653 | 0_ | a | Ключевые слова | Квалиметрия |
| a | Ключевые слова | Контроль качества | ||
| a | Ключевые слова | Управление качеством | ||
| 655 | a | Жанр/ форма (устаревшее) | М | |
| 773 | 18 | w | Контрольный № источника | RU/IS/BASE/549989295 |
| w | Контрольный № источника | RU/IS/BASE/552485063 | ||
| w | Контрольный № источника | RU/IS/BASE/552486169 | ||
| w | Контрольный № источника | 130594 | ||
| 900 | a | Имя макрообъекта | 001-000112486-000000000-0000-0000-01 | |
| 901 | t | Тип документа | m | |
| 905 | a | Дата создания записи | 25.04.16 | |
| c | Дата приписки | 28.02.23 | ||
| c | Дата приписки | 03.03.23 | ||
| c | Дата приписки | 11.10.23 | ||
| 951 | i | EL-ТГТУ? | Да | |
| 952 | a | Тип литературы для КСУ ВШ | М2 | |
| 990 | h | N записи в КСУ для Б/У (DOS) | 10/2016 | |
| g | Размещение заказа (DOS) | РИЦ |